| 000 | 00624 a2200205 4500 | ||
|---|---|---|---|
| 003 | Nust | ||
| 005 | 20230131113347.0 | ||
| 010 | _a61009534 | ||
| 040 | _cNust | ||
| 082 | _a940.53,MAR | ||
| 100 |
_aMartelli, George, _9108196 |
||
| 245 |
_aAgent extraordinary : _bthe story of Michel Hollard, D. S. O., Croix de Guerre / _cGeorge Martelli, |
||
| 250 | _a1st ed | ||
| 260 |
_aGarden City, N.Y., _bDoubleday, _c1960 |
||
| 300 |
_a258 p _billus _c22 cm |
||
| 505 | _aFlight From Paris (Page-23), A Warm Scent (Page-153). | ||
| 600 |
_aMartelli, George, _9108196 |
||
| 650 |
_aWorld War-II Heroes _9108197 |
||
| 942 |
_2ddc _cBK |
||
| 999 |
_c187212 _d187212 |
||